000 00705nam a2200217Ii 4500
003 JO-AjNU
008 230606s9999||||xx |||||||||||||| ||und||
020 _a978-1-84668-262-9
040 _aJO-AjNU
_beng
_erda
_cJO-AjNU
041 _aeng
050 1 4 _aHG4523.M257 2008
100 3 _aMandelbrot,Benoit B / Hudson,Richard L,
_eauthor
_9401
245 0 0 _aThe(mis) Behaviour of Markets: A Fractal View of Risk Ruin and Reward
250 _a1 ed
264 3 1 _aLondon: Prfile Books , 2008
300 _a326p
_b Includes Bibliography indexes(p303-326)
336 _atext
_btxt
_2rdacontent
337 _aunmediated
_bn
_2rdamedia
338 _avolume
_bnc
_2rdacarrier
650 4 _aBehaviour of Markets
_9402
999 _aE214
_c214
_d214